000 00368nam a2200157Ia 4500
008 230524s9999 xx 000 0 und d
082 _a401.3
_bDYS
100 _aPeter Gray
245 4 _aThe PC User Pocket Dictionary
250 _a1ST
260 _aNEW DELHI
_bBPB
_c1994
300 _aXIV;577
500 _aQuantity Number: 1
650 _aComp-Sc
942 _cBK
999 _c25751
_d25751